<?xml version="1.0" encoding="UTF-8"?>
<marc:record xmlns:marc="http://www.loc.gov/MARC21/slim">
   <marc:leader>00000nam a2200000 a 4500</marc:leader>
   <marc:datafield ind1="1" ind2=" " tag="100">
      <marc:subfield code="a">McCoy, Ellen</marc:subfield>
      <marc:subfield code="4">aut</marc:subfield>
      <marc:subfield code="e">Verfasser/-in</marc:subfield>
   </marc:datafield>
   <marc:datafield ind1=" " ind2=" " tag="653">
      <marc:subfield code="a">Liebesroman</marc:subfield>
   </marc:datafield>
   <marc:datafield ind1=" " ind2=" " tag="653">
      <marc:subfield code="a">Liebeskomödie</marc:subfield>
   </marc:datafield>
   <marc:datafield ind1=" " ind2=" " tag="653">
      <marc:subfield code="a">Alaska</marc:subfield>
   </marc:datafield>
   <marc:datafield ind1=" " ind2=" " tag="653">
      <marc:subfield code="a">Beziehung</marc:subfield>
   </marc:datafield>
   <marc:datafield ind1=" " ind2=" " tag="653">
      <marc:subfield code="a">romantische Komödie</marc:subfield>
   </marc:datafield>
   <marc:datafield ind1=" " ind2=" " tag="653">
      <marc:subfield code="a">Erzählende Literatur</marc:subfield>
   </marc:datafield>
   <marc:datafield ind1="0" ind2="0" tag="245">
      <marc:subfield code="a">Unsäglich verliebt</marc:subfield>
   </marc:datafield>
   <marc:datafield ind1="0" ind2="0" tag="245">
      <marc:subfield code="b">Alaska wider Willen</marc:subfield>
   </marc:datafield>
   <marc:datafield ind1="0" ind2="0" tag="245">
      <marc:subfield code="c">Ellen McCoy</marc:subfield>
   </marc:datafield>
   <marc:datafield ind1=" " ind2="1" tag="264">
      <marc:subfield code="a">Norderstedt</marc:subfield>
      <marc:subfield code="b">Books on Demand</marc:subfield>
      <marc:subfield code="c">2017</marc:subfield>
   </marc:datafield>
   <marc:datafield ind1="1" ind2=" " tag="490">
      <marc:subfield code="a">Alaska wider Willen</marc:subfield>
      <marc:subfield code="v">1</marc:subfield>
   </marc:datafield>
   <marc:datafield ind1="1" ind2=" " tag="520">
      <marc:subfield code="a">Angaben aus der Verlagsmeldung

Unsäglich verliebt : Alaska wider Willen / von Ellen McCoy

Liv Archer hat für ihr Leben einen festen Plan: Erst kommt die Karriere, danach die Liebe.
Als Liv das Büro ihres Chefs betritt, rechnet sie fest mit einer Beförderung und einem glamourösen Auftrag in New York. Stattdessen schickt er sie in die Wildnis von Alaska, um das marode Sägewerk seines Neffen vor dem Untergang zu bewahren.
Als wäre dies noch nicht genug, ist Matt Coleman über Livs Auftauchen alles andere als erfreut und bemüht sich nach Kräften, sie möglichst bald wieder loszuwerden. Lediglich sein Partner Tom steht ihr hilfreich zur Seite und lässt seinen Charme bei ihr spielen.
Doch Liv hat einen eisernen Vorsatz: Fange nie etwas mit einem Kunden an ...

Leserstimmen:

"Pures Lesevergnügen!" - Beara liest

"Eine wundervolle Geschichte, die mich gefesselt und begeistert hat." - JanaS

"Tolle Chick-lit Geschichte mit sympathischen Charakteren, zauberhafter Story und viel Herzklopfen." -Diana E.
</marc:subfield>
   </marc:datafield>
   <marc:datafield ind1=" " ind2=" " tag="020">
      <marc:subfield code="a">9783744837316</marc:subfield>
      <marc:subfield code="9">9783744837316</marc:subfield>
   </marc:datafield>
   <marc:datafield ind1=" " ind2=" " tag="041">
      <marc:subfield code="a">ger</marc:subfield>
   </marc:datafield>
   <marc:datafield ind1=" " ind2=" " tag="300">
      <marc:subfield code="a">Online-Ressourcen</marc:subfield>
   </marc:datafield>
</marc:record>
